000 00483nam a2200193Ia 4500
005 20240823030345.0
008 240823s9999||||xx |||||||||||||| ||und||
020 _a978-81-265-2449-5
041 _aENGLISH
082 _A621.4021 Q0
100 _aKoretsky D Milo
245 0 _aEngineering and Chemical Thermodynamics
250 _a1st
260 _c2010
_bWiley India Pv
_aNew Delhi
500 _aYES
650 _aThermodynamics
_bMechanical
942 _cBK
999 _c188504
_d188504